Mixed Word: NASA Quiz Stats

 Plays Quiz Updated Oct 19, 2016

Challenge
Share
Tweet
Embed
Score 0/18 Timer 04:00
1 Play Today
Hint Answer % Correct
INKVIGViking
95.2%
LUBEHBHubble
85.2%
LOPLOAApollo
84.4%
SEARAres
73.4%
ALGEEEagle
72.5%
ROONIOrion
70.5%
YESDYOSOdyssey
64.5%
MIGEINGemini
61.9%
BUMLOCIAColumbia
56.7%
Hint Answer % Correct
LECHERLANGChallenger
52%
YARGOVEVoyager
51.9%
SANATITLAtlantis
50.4%
KABLYSSkylab
44.1%
ELLOAGIGalileo
42%
CRYODIVESDiscovery
37.5%
PRLEEKKepler
33.1%
DEATHPINRFPathfinder
25.8%
EPOREINPioneer
11.9%

You're not logged in!

Compare scores with friends on all Sporcle quizzes.
OR
Log In

You Might Also Like...

Show Comments

Extras

Top Quizzes Today


Score Distribution

Your Account Isn't Verified!

In order to create a playlist on Sporcle, you need to verify the email address you used during registration. Go to your Sporcle Settings to finish the process.

Report this User

Report this user for behavior that violates our Community Guidelines.

Details: